Tragedia en Francia / (Record no. 101397)

MARC details
000 -LEADER
campo de control de longitud fija 00770nam a2200229 i 4500
001 - NÚMERO DE CONTROL
campo de control 101397
003 - IDENTIFICADOR DE NÚMERO DE CONTROL
campo de control ES-MaACL
005 - FECHA Y HORA DE LA ÚLTIMA TRANSACCIÓN
campo de control 20250829062548.0
007 - CAMPO FIJO DE DESCRIPCIÓN FÍSICA--INFORMACIÓN GENERAL
campo de control de longitud fija t|
008 - DATOS DE LONGITUD FIJA--INFORMACIÓN GENERAL
campo de control de longitud fija 051018s1945 sp ||||1| spa d
100 1# - ENTRADA PRINCIPAL--NOMBRE DE PERSONA
Nombre de persona Maurois, André,
Fechas asociadas al nombre 1885-1967
9 (RLIN) 79267
245 10 - MENCIÓN DEL TÍTULO
Título Tragedia en Francia /
Mención de responsabilidad, etc. André Maurois, [seud.] de Emile Herzog; traducción autorizada del francés por F. Oliver Brachfeld.
250 ## - MENCION DE EDICION
Mención de edición 2ª ed. refundida y aum.
260 ## - PUBLICACIÓN, DISTRIBUCIÓN, ETC.
Lugar de publicación, distribución, etc. Barcelona :
Nombre del editor, distribuidor, etc. Lara,
Fecha de publicación, distribución, etc. 1945.
300 ## - DESCRIPCIÓN FÍSICA
Extensión 237 p. ;
Dimensiones 20 cm.
490 1# - MENCIÓN DE SERIE
Mención de serie Voces de Francia
650 04 - PUNTO DE ACCESO ADICIONAL DE MATERIA--TÉRMINO DE MATERIA
Término de materia o nombre geográfico como elemento de entrada Guerra mundial, 1939-1945-
Subdivisión de forma Relatos personales.
9 (RLIN) 13254
700 1# - ENTRADA AGREGADA--NOMBRE PERSONAL
Nombre de persona Oliver Brachfeld, F.
9 (RLIN) 86832
830 0# - PUNTO DE ACCESO ADICIONAL DE SERIE-TÍTULO UNIFORME
Título uniforme Voces de Francia
9 (RLIN) 232475
852 ## - LOCALIZACIÓN
Ubicación ES-MaACL
Número de control de estantería F-16348
Sublocalización o colección R.21245
Holdings
Estatus retirado Estado de pérdida Estado de daño No para préstamo Biblioteca de origen Biblioteca actual Ubicación en estantería Fecha de adquisición Fuente de adquisición Total de préstamos Signatura topográfica completa Código de barras Visto por última vez Precio de reemplazo Tipo de ítem Koha
        Biblioteca del Ateneo de Madrid Biblioteca del Ateneo de Madrid Sala Pecera Planta 2 17/01/2008     F-16348 1105863 23/02/2023 23/02/2023 Libro impreso